000 01031nam a2200217 a 4500
001 1158
003 BR-CuiBMT
005 20231217151742.0
008 230725s2011 mgba 100 0 por d
020 _a9788577004348
040 _aBR-CuiBMT
_cBR-CuiBMT
080 _a336.13:502.131.1
_x(062)
_22007
090 _a336.13:502.131.1(062)
_bS612i
111 2 _aSimpósio Internacional sobre Gestão Ambiental e Controle de Contas Públicas
_n(1. :
_d2010 :
_cManaus, AM)
245 1 2 _aI Simpósio internacional sobre gestão ambiental e controle de contas públicas
_bO papel dos tribunais de contas /
_c[Tribunal de Contas do Estado do Amazonas, Instituto Rui Barbosa, Secretaria de Estado do Meio Ambiente e do Desenvolvimento Sustentável do Estado do Amazonas].
260 _aBelo Horizonte :
_bFórum,
_c2011.
300 _a175 p. :
_bil. ;
_c22 cm
650 _aGestão ambiental
_xTribunal de contas
_zAmazonas
_vCongressos
650 _aAdministração pública
_xGestão ambiental
_xTribunal de contas
_vCongressos
942 _2udc
_cLV
999 _c1158
_d1158